| 000 | 00717nam a22002297a 4500 | ||
|---|---|---|---|
| 999 |
_c15933 _d15934 |
||
| 003 | MIRAKIL | ||
| 005 | 20240429120758.0 | ||
| 008 | 240424b tu ||||| |||| 00| 0 tur d | ||
| 020 | _a9789750132803 | ||
| 040 |
_aTR-AnCHP _cTR-AnCHP |
||
| 041 | _atur | ||
| 082 |
_a177 _bG74k 2014 |
||
| 100 | _aGökçe, Ali | ||
| 245 | 1 | 0 |
_aKavramlar savaşı ve sosyal uzlaşma yobazlığın neresindeyiz / _cDr. Ali Gökçe. |
| 260 |
_aAdana : _b[Yayınevi Yok], _c2014. |
||
| 300 |
_a136 s. ; _c21 cm. |
||
| 650 | 0 |
_98016 _aKavramsal savaş |
|
| 650 | 0 |
_98018 _aYobazlık |
|
| 650 | 0 |
_98017 _aSosyal uzlaşma |
|
| 856 | _zDijital Nüshası için Partimizin Kütüphane Sorumlusu ile iletişime geçiniz. | ||
| 942 |
_2ddc _cBKS |
||